Toutes les arènes dans Rocket League - Statistiques

Statistiques générales
  • Ce quiz a été pris 240 fois
    237 depuis la dernière actualisation
  • Le résultat moyen est 13 sur 53
Statistiques - réponses
Indice Mode de jeu Arène % Correct
Standard Footcar Néo Tokyo
51%
Standard Footcar Mannfield
45%
Standard Jour de Neige Mannfield (Neige)
45%
Standard Footcar Mannfield (Nuit)
45%
Standard Footcar Mannfield (Tempête)
45%
Standard Footcar Stade DFH
45%
Standard Footcar Stade DFH (Brouillard)
45%
Standard Footcar Stade DFH (Circuit)
45%
Standard Jour de Neige Stade DFH (Enneigé)
45%
Standard Footcar Stade DFH (Jour)
45%
Standard Footcar AquaDome
43%
Standard Footcar Champions Field
41%
Standard Footcar Champions Field (Jour)
41%
Standard Gridiron Champions Field (NFL)
41%
Standard Footcar Forbidden Temple
36%
Standard Footcar Farmstead
35%
Standard Footcar Colisée Utopia
34%
Standard Footcar Colisée Utopia (Crépuscule)
33%
Standard Jour de Neige Colisée Utopia (Enneigé)
33%
Standard Footcar Farmstead (Nuit)
33%
Standard Footcar Forbidden Temple (Jour)
31%
Standard Footcar Parc de Beckwith
27%
Standard Footcar Salty Shores
27%
Standard Footcar Salty Shores (Nuit)
27%
Standard Footcar Parc de Beckwith (Minuit)
25%
Standard Footcar Parc de Beckwith (Tempête)
25%
Alternatif Dropshot Core 707
22%
Standard Footcar Wasteland
22%
Standard Footcar Wasteland (Nuit)
22%
Standard Rumble Starbase ARC
17%
Alternatif Paniers Dunk House
14%
Standard Footcar Centre Urbain
13%
Standard Footcar Centre Urbain (Aube)
13%
Standard Footcar Centre Urbain (Nuit)
13%
Standard Footcar Deadeye Canyon
13%
Alternatif Footcar Tokyo Underpass
13%
Rocket Labs Footcar Pillars
12%
Alternatif Footcar Badlands
11%
Alternatif Footcar Badlands (Nuit)
11%
Standard Footcar Neon Fields
11%
Rocket Labs Footcar Goal Double
9%
Rocket Labs Footcar Octagon
8%
Standard Footcar Rivals Arena
8%
Rocket Labs Footcar Underpass
8%
Alternatif Footcar ARCtagon
7%
Alternatif Footcar Stade Throwback
6%
Rocket Labs Footcar Cosmique
5%
Rocket Labs Footcar Utopia Rétro
5%
Rocket Labs Footcar Basin
3%
Rocket Labs Footcar Corridor
3%
Rocket Labs Footcar Loophole
3%
Rocket Labs Footcar Galleon
2%
Rocket Labs Footcar Galleon Rétro
1%
Aucun quiz correspondant
Distribution des résultats
% des personnes avec chaque résultat
Percentile par nombre de réponses
Votre historique - résultats
Vous n’avez pas pris ce quiz depuis la dernière actualisation